Childrens literature culture: (Record no. 1464834)
[ view plain ]
| 000 -LEADER | |
|---|---|
| fixed length control field | 00911 a2200253 4500 |
| 005 - DATE AND TIME OF LATEST TRANSACTION | |
| control field | 20251205105618.0 |
| 008 - FIXED-LENGTH DATA ELEMENTS--GENERAL INFORMATION | |
| fixed length control field | 251114b |||||||| |||| 00| 0 eng d |
| 020 ## - INTERNATIONAL STANDARD BOOK NUMBER | |
| International Standard Book Number | 9781032572697 (pbk) |
| 037 ## - SOURCE OF ACQUISITION | |
| Terms of availability | TB |
| 040 ## - CATALOGING SOURCE | |
| Original cataloging agency | CRL |
| Transcribing agency | CRL |
| 041 ## - LANGUAGE CODE | |
| Source of code | eng |
| Language code of text/sound track or separate title | eng |
| 084 ## - COLON CLASSIFICATION NUMBER | |
| Classification number | O111(Y11):g R6 |
| Assigning agency | CRL |
| 245 ## - TITLE STATEMENT | |
| Title | Childrens literature culture: |
| Remainder of title | an introduction |
| 260 ## - PUBLICATION, DISTRIBUTION, ETC. | |
| Place of publication, distribution, etc. | New York, USA; |
| -- | London, UK: |
| Name of publisher, distributor, etc. | Routledge, |
| Date of publication, distribution, etc. | 2026. |
| 300 ## - PHYSICAL DESCRIPTION | |
| Extent | xvii, 328p. |
| 365 ## - TRADE PRICE | |
| Price amount | 39.99 |
| Currency code | UKP |
| 490 ## - SERIES STATEMENT | |
| Series statement | Routledge introduction to young adult and childern's literature |
| 650 ## - SUBJECT ADDED ENTRY--TOPICAL TERM | |
| Topical term or geographic name entry element | English Literature |
| 9 (RLIN) | 851497 |
| 650 ## - SUBJECT ADDED ENTRY--TOPICAL TERM | |
| Topical term or geographic name entry element | Literature |
| 9 (RLIN) | 851498 |
| 650 ## - SUBJECT ADDED ENTRY--TOPICAL TERM | |
| Topical term or geographic name entry element | Children Literature |
| 9 (RLIN) | 851499 |
| 700 ## - ADDED ENTRY--PERSONAL NAME | |
| Personal name | Rowe, Rebecca |
| Relator term | editor. |
| 9 (RLIN) | 851500 |
| 942 ## - ADDED ENTRY ELEMENTS (KOHA) | |
| Koha item type | Textbook |
| Source of classification or shelving scheme | Colon Classification (CC) |
| Suppress in OPAC | No |
| Classification part | O111(Y11):g R6 |
| Withdrawn status | Lost status | Source of classification or shelving scheme | Damaged status | Not for loan | Home library | Current library | Date acquired | Source of acquisition | Cost, normal purchase price | Inventory number | Total Checkouts | Full call number | Barcode | Date last seen | Cost, replacement price | Price effective from | Koha item type |
|---|---|---|---|---|---|---|---|---|---|---|---|---|---|---|---|---|---|
| Colon Classification (CC) | Central Library | Central Library | 2025-12-05 | 30/ Excel Book International | 3733.14 | 124 & 2025-10-31 | O111(Y11):g R6 | CL1924485 | 2025-12-05 | 4666.43 | 2025-12-05 | Textbook |
